| 000 | 00650nam a22002171a 4500 | ||
|---|---|---|---|
| 003 | NEGST | ||
| 005 | 20170512020002.0 | ||
| 008 | 030627s cou 001 0 eng d | ||
| 020 | _a0781452562 | ||
| 100 | 1 | _aLeFever, Marlene D. | |
| 245 | 1 | 0 |
_aCreative teaching methods / _cMarlene D. LeFever. |
| 260 |
_aColorado Springs, CO : _bCook Ministry Resources, _cc1985, 1996. |
||
| 300 | _a305 p. | ||
| 500 | _aIncludes bibliographical references. | ||
| 590 | _aAccession number: 22412 | ||
| 600 | 1 | 0 |
_aChristian education _xTeaching methods. |
| 650 | 0 | _aChristian education. | |
| 650 | 0 |
_aTeaching _xMethodology. |
|
| 942 | 0 | 0 | _049 |
| 999 |
_c26893 _d26893 |
||